Construction output down by 0.6% (Record no. 79958)

MARC details
000 -LEADER
fixed length control field 01256cad a22002175a 4500
001 - CONTROL NUMBER
control field L142866
008 - FIXED-LENGTH DATA ELEMENTS--GENERAL INFORMATION
fixed length control field 080317e20080219 d f s 000 0 eng d
035 ## - SYSTEM CONTROL NUMBER
System control number (Sirsi) u142866
041 0# - LANGUAGE CODE
Language code of text/sound track or separate title eng
110 2# - MAIN ENTRY--CORPORATE NAME
Corporate name or jurisdiction name as entry element Eurostat
9 (RLIN) 1416
245 00 - TITLE STATEMENT
Title Construction output down by 0.6%
Medium [electronic resource]
260 ## - PUBLICATION, DISTRIBUTION, ETC.
Date of publication, distribution, etc. 2008
490 #0 - SERIES STATEMENT
Series statement Eurostat News Release
Volume/sequential designation (23/2008) 19 February 2008
520 ## - SUMMARY, ETC.
Summary, etc. Reveals that seasonally adjusted production in the construction sector decreased by 0.6% in the euro area and by 0.7% in the EU27 in December 2007, compared to November 2007. Compared to December 2006, output in December 2007 fell by 3.3% in the euro area and by 4% in the EU27, although the average construction output for the whole of 2007 increased by 3.7% in the euro area and by 3.9% in the EU27. Tables show monthly, quarterly, and annual variation in construction output and monthly and quarterly production indices for total construction for individual member states.
590 ## - LOCAL NOTE (RLIN)
Local note KA
650 24 - SUBJECT ADDED ENTRY--TOPICAL TERM
Topical term or geographic name entry element EUROSTAT MONTHLY CONSTRUCTION INDEX
651 #4 - SUBJECT ADDED ENTRY--GEOGRAPHIC NAME
Geographic name European Union
690 ## - LOCAL SUBJECT ADDED ENTRY--TOPICAL TERM (OCLC, RLIN)
Topical term or geographic name as entry element BUILT ENVIRONMENT-CONSTRUCTION MARKET
856 40 - ELECTRONIC LOCATION AND ACCESS
Uniform Resource Identifier <a href="https://epp.eurostat.ec.europa.eu">https://epp.eurostat.ec.europa.eu</a>
Public note View the item free of charge at http://epp.eurostat.ec.europa.eu...
942 ## - ADDED ENTRY ELEMENTS (KOHA)
Suppress in OPAC 0
Holdings
Withdrawn status Lost status Source of classification or shelving scheme Damaged status Not for loan Home library Current library Shelving location Date acquired Total Checkouts Full call number Barcode Date last seen Copy number Price effective from Koha item type
    Dewey Decimal Classification     Virtual Virtual Online 17/03/2008   ONLINE PUBLICATION 142866-2001 06/08/2019 1 06/08/2019 Book